Convención Sobre la Eliminación de Todas las Formas de Discriminación Contra la Mujer /
El documento contiene 30 artículos en los cuales se promulgan los derechos para las mujeres y un plan de acción para que los Estados garanticen el goce de dichos derechos.
שמור ב:
| מחבר תאגידי: | |
|---|---|
| פורמט: | לא ידוע |
| שפה: | Spanish |
| יצא לאור: |
Centro Nacional para el Desarrollo de la Mujer y la Familia, CMF : UNFPA:
San José, Costa Rica
1994
|
| מהדורה: | edición |
| סדרה: | Colección documentos Legislación
4 3 |
| נושאים: | |
| תגים: |
הוספת תג
אין תגיות, היה/י הראשונ/ה לתייג את הרשומה!
|
MARC
| LEADER | 00000 a2200000 04500 | ||
|---|---|---|---|
| 001 | 48401 | ||
| 003 | cru CIDCACS/IIS | ||
| 005 | 20230621095938.0 | ||
| 008 | 050617s1995 cr # spa d | ||
| 020 | |a 9968-742-04-x | ||
| 022 | |a 9968-742-04-x | ||
| 040 | |c cru CIDCACS/IIS | ||
| 090 | |a 04.02.01 N118c | ||
| 110 | |a Costa Rica.[Leyes, etc.] | ||
| 245 | |a Convención Sobre la Eliminación de Todas las Formas de Discriminación Contra la Mujer / |c Centro Nacional para el Desarrollo de la Mujer y la Familia, CMF | ||
| 250 | |a edición | ||
| 260 | |a Centro Nacional para el Desarrollo de la Mujer y la Familia, CMF : |a UNFPA: |b San José, Costa Rica |c 1994 | ||
| 300 | |a 23 páginas |b Sin ilust. | ||
| 440 | |a Colección documentos |v 4 |a Legislación |v 3 | ||
| 500 | |a Colección Alforja | ||
| 520 | |a El documento contiene 30 artículos en los cuales se promulgan los derechos para las mujeres y un plan de acción para que los Estados garanticen el goce de dichos derechos. | ||
| 650 | 1 | 0 | |a STATUS DE LA MUJER |9 2043 |
| 650 | |2 Macrothesauro de la UNA/ | ||
| 650 | 1 | 0 | |a DISCRIMINACION BASADA EN EL GENERO |9 86 |
| 650 | |2 Macrothesauro de la OCDE/ | ||
| 650 | 1 | 0 | |a DERECHOS HUMANOS |9 38 |
| 650 | |2 Macrothesauro de la OCDE/ | ||
| 650 | 0 | |a ROLES |9 5461 | |
| 650 | |2 Macrothesauro de la OCDE/ | ||
| 650 | |2 Macrothesauro de la OCDE/ | ||
| 651 | |a Costa Rica | ||
| 942 | |2 ddc |c LI |h 04.02.01 N118c |i 18167 |6 040201_N118C_18167 | ||
| 999 | |c 40615 |d 40615 | ||



